101 kỹ xảo marketing = 101 marketing teachniques

Cung cấp những kiến thức cho các doanh nghiệp về nghệ thuật marketing trên thương trường như bí quyết để trở thành người marketing giỏi, marketing với thị trường, kỹ xảo marketing đối với khách hàng, chiến lược marketing...

Disgrifiad llawn

Wedi'i Gadw mewn:
Manylion Llyfryddiaeth
Prif Awdur: Hoàng Minh Đức
Fformat: Llyfr
Iaith:Vietnamese
Cyhoeddwyd: H. Văn hóa Thông tin 2011
Pynciau:
Tagiau: Ychwanegu Tag
Dim Tagiau, Byddwch y cyntaf i dagio'r cofnod hwn!
Thư viện lưu trữ: Thư viện Trường Đại học Nam Cần Thơ
LEADER 01525aam a22002178a 4500
001 NCT_21963
008 160713s2016 ||||||viesd
999 |c 1039  |d 1039 
082 0 4 |2 23rd ed.  |a 658.83  |b Đ552  
100 1 |a Hoàng Minh Đức  
245 1 0 |a 101 kỹ xảo marketing =  |b 101 marketing teachniques  |c Hoàng Minh Đức  
260 |a H.  |b Văn hóa Thông tin  |c 2011 
300 |a 319tr.  |b 21 cm 
520 3 |a Cung cấp những kiến thức cho các doanh nghiệp về nghệ thuật marketing trên thương trường như bí quyết để trở thành người marketing giỏi, marketing với thị trường, kỹ xảo marketing đối với khách hàng, chiến lược marketing  
653 |a Quản trị kinh doanh 
942 |2 ddc  |c BK 
952 |0 0  |1 0  |2 ddc  |4 0  |6 658_830000000000000_Đ552  |7 0  |9 11171  |a 000001  |b 000001  |d 2018-06-16  |l 1  |o 658.83 Đ552  |p MD.06599  |r 2020-12-10  |s 2020-11-30  |v 65000.00  |w 2018-06-16  |y BK 
952 |0 0  |1 0  |2 ddc  |4 0  |6 658_830000000000000_Đ552  |7 0  |9 11172  |a 000001  |b 000001  |d 2018-06-16  |o 658.83 Đ552  |p MD.06600  |r 2018-06-16  |v 65000.00  |w 2018-06-16  |y BK 
952 |0 0  |1 0  |2 ddc  |4 0  |6 658_830000000000000_Đ552  |7 0  |9 11173  |a 000001  |b 000001  |d 2018-06-16  |l 1  |o 658.83 Đ552  |p MD.06708  |r 2021-04-13  |s 2021-03-30  |v 65000.00  |w 2018-06-16  |y BK 
952 |0 0  |1 0  |2 ddc  |4 0  |6 658_830000000000000_Đ552  |7 0  |9 11174  |a 000001  |b 000001  |d 2018-06-16  |o 658.83 Đ552  |p MD.06710  |r 2018-06-16  |v 65000.00  |w 2018-06-16  |y BK 
980 |a Thư viện Trường Đại học Nam Cần Thơ